000 005160000a22001690004500
041 0 _aENG
082 0 4 _aG 270.6 F7149f
100 1 _aForell, George W. (Wolfgang)
245 1 0 _aFaith active in love : An investigation of the principles underlying Luther's social ethics / George Wolfgang Forell
260 _aMinneapolis, MN., USA : Augsburg
300 _a198 Pag
001 8321
942 _cBK
999 _c38494
_d38494
336 _atexto
_btxt
_2rdacontent
337 _2rdamedia
_asin mediación
_bn
338 _2rdacarrier
_avolumen
_bnc